Castillos medievales del Reino de León / (Record no. 18792)

MARC details
000 -LEADER
campo de control de longitud fija 00697nam a2200229 i 4500
001 - NÚMERO DE CONTROL
campo de control 18792
003 - IDENTIFICADOR DE NÚMERO DE CONTROL
campo de control ES-MaACL
005 - FECHA Y HORA DE LA ÚLTIMA TRANSACCIÓN
campo de control 20250730143231.0
007 - CAMPO FIJO DE DESCRIPCIÓN FÍSICA--INFORMACIÓN GENERAL
campo de control de longitud fija t|
008 - DATOS DE LONGITUD FIJA--INFORMACIÓN GENERAL
campo de control de longitud fija 020201s1989 sp ||||0| spa d
016 7# - NÚMERO DE CONTROL DE UNA AGENCIA BIBLIOGRÁFICA NACIONAL
Número de control cancelado/no válido SIC92000947
020 ## - NÚMERO INTERNACIONAL ESTÁNDAR DEL LIBRO
Número Internacional Estándar del Libro 84-404-5883-5
040 ## - FUENTE DE CATALOGACIÓN
Centro catalogador/agencia de origen M-BN
Lengua de catalogación spa
Centro/agencia transcriptor SIC
080 ## - NÚMERO DE LA CLASIFICACIÓN DECIMAL UNIVERSAL
Número de la Clasificación Decimal Universal 728.81(462.1)(042)
245 00 - MENCIÓN DEL TÍTULO
Título Castillos medievales del Reino de León /
Mención de responsabilidad, etc. Miguel Angel Ladero Quesada...[et al.].
260 ## - PUBLICACIÓN, DISTRIBUCIÓN, ETC.
Lugar de publicación, distribución, etc. [Madrid] :
Nombre del editor, distribuidor, etc. [s.n.],
Fecha de publicación, distribución, etc. D.L.1989.
300 ## - DESCRIPCIÓN FÍSICA
Extensión 175 p :
Otras características físicas il.col ;
Dimensiones 28 cm.
650 14 - PUNTO DE ACCESO ADICIONAL DE MATERIA--TÉRMINO DE MATERIA
Término de materia o nombre geográfico como elemento de entrada Castillos-
Subdivisión geográfica León (Reino)
9 (RLIN) 10832
700 1# - ENTRADA AGREGADA--NOMBRE PERSONAL
Nombre de persona Ladero Quesada, Miguel Ángel,
Fechas asociadas al nombre 1943-
9 (RLIN) 159216
852 ## - LOCALIZACIÓN
Ubicación ES-MaACL
Número de control de estantería L-25281
Sublocalización o colección R.130543
Holdings
Estatus retirado Estado de pérdida Estado de daño No para préstamo Biblioteca de origen Biblioteca actual Ubicación en estantería Fecha de adquisición Fuente de adquisición Total de préstamos Signatura topográfica completa Código de barras Visto por última vez Precio de reemplazo Tipo de ítem Koha
        Biblioteca del Ateneo de Madrid Biblioteca del Ateneo de Madrid Depósito 2 17/01/2008     L-25281 1019229 23/02/2023 23/02/2023 Libro impreso